Líneas de transmisión impresas
Gespeichert in:
| 1. Verfasser: | |
|---|---|
| Weitere Verfasser: | |
| Format: | Buch |
| Veröffentlicht: |
[San José , Costa Rica]
1976
|
| Tags: |
Tag hinzufügen
Keine Tags, Fügen Sie den ersten Tag hinzu!
|
MARC
| LEADER | 00000nam a2200000Ia 4500 | ||
|---|---|---|---|
| 003 | PIE096 | ||
| 005 | 20231115134815.0 | ||
| 008 | 140116s1976 c a m 000 ||s d | ||
| 040 | |c cru CEDI | ||
| 090 | |a PIE 96 | ||
| 100 | |a Piedra Quesada, Danilo |9 18221 | ||
| 245 | |a Líneas de transmisión impresas | ||
| 260 | |a [San José , Costa Rica] |c 1976 | ||
| 300 | |a 34 hojas | ||
| 500 | |a A la cabeza de la portada. Universidad de Costa Rica. Escuela de Ingeniería Eléctrica. Proyecto Eléctrico | ||
| 501 | |a Profesor Guía: Ing. Hernán Jiménez Nichols | ||
| 700 | |a Jiménez Nichols, Hernán |d Director de Proyecto Eléctrico |9 1757 | ||
| 942 | |c PIE |h PIE-96 |i PIE096 |6 PIE_96_PIE096 | ||
| 999 | |c 13465 |d 13465 | ||
